The function of word order in turkish grammar /

Guardado en:
Autor Principal: Erguvanli, Eser E.
Formato: Libro
Publicado: Berkeley : University Of California Press, 1984
Series:Linguistics, 106
Materias:
Etiquetas: Agregar Etiqueta
Sin Etiquetas, Sea el primero en etiquetar este registro!
LEADER 00529nam a22001695a 4500
001 EHU.bham006366
003 AR-BHAM
005 20090611153447.0
008 130507s1984##################000#0#####d
082 4 9 |a 494.35 
100 1 |a Erguvanli, Eser E. 
245 1 0 |a The function of word order in turkish grammar /  |c Eser E. Erguvanli. 
260 |a Berkeley :  |b University Of California Press,  |c 1984 
300 |a 179 p. 
490 0 |a Linguistics, 106 
653 |a Turco [lengua] 
859 |a AR-BHAM  |b BIB. HUMANIDADES - General  |h 494.35  |i Er38  |p 30.85  |t Ej.1